| 000 | 00532nam a2200193Ia 4500 | ||
|---|---|---|---|
| 008 | 220204s9999 xx 000 0 und d | ||
| 020 | _a0123485312 | ||
| 082 |
_a631.4(031) _bHIL.1 |
||
| 100 | _aHillel, Daniel | ||
| 245 | 0 | _aEncyclopedia of soils in the environments.V.1 (A-Fa) | |
| 260 |
_aUK _bElsevier Ltd _c2005 |
||
| 505 | _aSet of 4 volumes | ||
| 650 | _aBiodiversity | ||
| 650 | _aCrop residue management | ||
| 650 | _aCrop water management | ||
| 650 | _aOrganic farming | ||
| 650 | _aWater management | ||
| 942 | _cBK | ||
| 999 |
_c42525 _d42525 |
||